00386nam a2200157Ia 4500003000500000008004100005020001800046040001900064082000700083100002000090245003100110260005700141300001000198365000800208546001200216STCL221019s9999 xx 000 0 und d a9788174761200 aSTCLcSTCLbEN 222 aBhatia, Praveen 0aHamlet: Willam Shakespeare bUBS Publishers Distributors Pvt LtdaNew Delhic2012 a504 p b260 aEnglish